zpět

Detail výsledku týmu

The PUB Praha 6 , Praha

Datum a čas kvízu

27.5 Celkem bodů Celkový počet nahraných bodů na tomto kvízu bez doplňovacích otázek.
8. Pořadí na kvízu Konečné umístění týmu na tomto kvízu.

Zaznamenané odpovědi

# Otázka Odpověď Body Výsledky
1. Při úřadu vlády vznikne komise... Ďáblický hřbitov 0
2. V Kuvajtu byla v pondělí novin... Byla vytvořena pomocí umělé inteligence. 0
3. V pátek vyšlo nové album legen... Metallica 1
4. Ve které zemi byl minulý týden... ve Finsku 1
5. V úterý bylo pro veřejnost odt... Srdce do hry 0
6. Pokračujeme představováním fil... Liam Neeson 1
7. Sedmý film žebříčku byl natoče... Francis Ford Coppola, Marlon Brando, Al Pacino 1
8. Jak se jmenuje film na osmém m... Dvanáct rozhněvaných mužů 1
9. Jediný francouzský film a prvn... Nedotknutelní 1
10. Napište název sbírky povídek s... Hovno hoří 1